000 00434nam a2200157Ia 4500
999 _c36331
_d36331
003 OSt
005 20211210120120.0
008 190216s9999||||xx |||||||||||||| ||und||
040 _coclc
082 _a370.72
_bRAI/T
100 _aRai, B C
_92618
245 0 _aTheory Of Education /
_cB C Rai
260 _bPrakasan Kendra,
_c1997.
_aLucknow:
300 _a424p
942 _cBK
_2ddc
_h370.72
_iRAI/T
_k370.72
_mRAI/T